Statistics for Famous WWII Generals

Click here to take the quiz!

General Stats

  • This quiz has been taken 523 times
    (513 since last reset)
  • The average score is 11 of 21

Answer Stats

HintAnswer% Correct
German general who lead an Axis campaign across AfricaErwin Rommel
98%
Supreme Allied CommanderDwight D. Eisenhower
91%
British hero of El Alamein and North AfricaBernard Montgomery
87%
Nicknamed "Old Blood and Guts"George S. Patton
81%
Russian who defeated the Nazis at the Battle of BerlinGeorgy Zhukov
80%
Mastermind behind the Pearl Harbour AttackIsoroku Yamamoto
73%
Commanded the Allied Forces in the Pacific TheaterDouglas Macarthur
69%
Leader of the People's Liberation Army in YugoslaviaJosip Broz Tito
67%
General who became the first leader of the French Fifth RepublicCharles de Gaulle
66%
Commanded the LuftwaffeHerman Goring
63%
Father of blitzkriegHeinz Guderian
56%
German who was defeated in StalingradFriedrich Paulus
54%
Finnish marshal who defended Finland against the USSRCarl Gustaf Emil Mannerheim
51%
Architect of the invasion of the German invasion of FranceErich von Manstein
47%
Major who lead Allied forces in the Pacific alongside MacarthurChester W. Nimitz
39%
Head of the Republic of China who fought against the JapaneseChiang Kai-shek
37%
Planned Operation CobraOmar Bradley
27%
General who lead the Japanese across the South PacificTomoyuki Yamashita
22%
Planned Operation BagrationKonstantin Rokossovsky
21%
British field marshal who defeated Rommel in North AfricaClaude Auchinleck
9%
Carried out the encirclement in StanlingradAleksandr Vasilevsky
7%

Score Distribution

Percentile by Number Answered

Percent of People with Each Score

Your Score History

You have not taken this quiz since the last reset